000 00444nam a22001697a 4500
003 MPLRDC
005 20220104143101.0
008 210129b ||||| |||| 00| 0 eng d
082 _a857.9 MRC v.9
100 _a马荣成、丹青编著
245 _a风云小说. 第九册
_c马荣成等插图
260 _a马来西亚
_b天地图书有限公司
_c
300 _b
490 _a武侠小说
650 _a
942 _cBK
_o857.9 MRC v.9
999 _c36463
_d36453